00628 2200205 4500001002100000005001500021035002000036007000300056008004100059082001600100084002200116100002300138245004700161250001600208260008400224300004500308650002800353650002200381856001900403INLIS00000000000002720250710113412 a0010-0725000027ta250710 a 0 ind  a398.209 598 a398.209 598 KHO s0 aKhoirunisa, Lutfia1 aSeperti Apa Warnanya? /cLutfia Khoirunisa aEdisi kedua aJakarta Timur :bKementrian Pendidikan, Kebudayaan, Riset, dan Teknologi,c2023 a36 hlm. :bilus. ;c29.7 cme398.209 598 4aCerita Anak - Indonesia 4aKesusastraan Anak aTBM As Suhada